书目信息 |
| 题名: |
现代项目管理教程
|
|
| 作者: | 刘国靖 编著 | |
| 分册: | ||
| 出版信息: | 北京 中国人民大学出版社 2004 |
|
| 页数: | 243页 | |
| 开本: | 23cm | |
| 丛书名: | ||
| 单 册: | ||
| 中图分类: | F224.5 | |
| 科图分类: | ||
| 主题词: | 项目管理--教材 , 项目管理 | |
| 电子资源: | ||
| ISBN: | 7-300-05301-7 | |
| 000 | 00801nam0 2200241 450 | |
| 001 | 070730001345 | |
| 005 | 20071015143928.20 | |
| 010 | @a7-300-05301-7@dCNY25.00 | |
| 100 | @a20040520d2004 em y0chiy0110 ea | |
| 101 | 0 | @achi |
| 102 | @aCN@b110000 | |
| 105 | @ay z 000yy | |
| 200 | 1 | @a现代项目管理教程@Axian dai xiang mu guan li jiao cheng@f刘国靖编著 |
| 210 | @a北京@c中国人民大学出版社@d2004 | |
| 215 | @a243页@d23cm | |
| 300 | @a新世纪新概念经济管理类系列教材 | |
| 330 | @a本教程分为基础篇、过程篇和实践篇三个部分,共12章。内容包括管理与项目管理理念、项目选择与项目确定、成功的项目管理模式介绍等。 | |
| 606 | 0 | @a项目管理@j教材 |
| 606 | 0 | @a项目管理 |
| 690 | @aF224.5@v4 | |
| 701 | 0 | @a刘国靖@Aliu guo jing@c(管理科学,@f1967~)@4编著 |
| 801 | 0 | @aCN@c20071015 |
| 905 | @dF224.5@eL610 | |
| 现代项目管理教程/刘国靖编著.-北京:中国人民大学出版社,2004 |
| 243页;23cm |
| 新世纪新概念经济管理类系列教材 |
| ISBN 7-300-05301-7:CNY25.00 |
| 本教程分为基础篇、过程篇和实践篇三个部分,共12章。内容包括管理与项目管理理念、项目选择与项目确定、成功的项目管理模式介绍等。 |
| ● |
| 相关链接 |
|
|
|
正题名:现代项目管理教程
索取号:F224.5/L610
 
预约/预借
| 序号 | 登录号 | 条形码 | 馆藏地/架位号 | 状态 | 备注 |
| 1 | 653180 | 206531804 | 社科二线422/409社科库 73排3列3层/ [索取号:F224.5/L610] | 在馆 | |
| 2 | 653181 | 206531813 | 社科库409/409社科库 73排3列2层/ [索取号:F224.5/L610] | 在馆 | |
| 3 | 653182 | 206531822 | 社科二线422/409社科库 73排3列3层/ [索取号:F224.5/L610] | 在馆 |